00398nam a2200157Ia 4500003000400000005001700004008004100021040000700062041001200069082001700081100001600098245007200114260003600186365001200222440000600234OSt20250924190131.0210423s1979 xx 000 0 und d cAL aEnglish a303.6 bBAHC abahadur K P aCaste tribes and culture of indiab: karnataka kerala and tamilnadu aNew DelhibWiley and Sonsc1979 b60cINR v4